Statistics for business and economics : instructor's manual with tests
Αποθηκεύτηκε σε:
| Κύριος συγγραφέας: | |
|---|---|
| Άλλοι συγγραφείς: | |
| Μορφή: | Βιβλίο |
| Γλώσσα: | English |
| Δημοσίευση: |
New Jersey :
Prentice-Hall, Inc.,
c1984
|
| Θέματα: | |
| Ετικέτες: |
Προσθήκη ετικέτας
Δεν υπάρχουν, Καταχωρήστε ετικέτα πρώτοι!
|
MARC
| LEADER | 00000nam a2200000 i 4500 | ||
|---|---|---|---|
| 001 | 1/45951 | ||
| 008 | 961118s1984 eng d | ||
| 020 | |a 0-13-845165-6 | ||
| 035 | |l 10026233 | ||
| 040 | |a GR-MY-UA |b gre |e aacr | ||
| 041 | 0 | |a eng | |
| 082 | 0 | |a 519.5 | |
| 100 | 1 | |a Oppenheim, Alan J. | |
| 245 | 1 | 0 | |a Statistics for business and economics : |b instructor's manual with tests / |c Alan J. Oppenheim |
| 260 | |a New Jersey : |b Prentice-Hall, Inc., |c c1984 | ||
| 300 | |a 191 σ. | ||
| 650 | 0 | 0 | |a Statistics. |
| 700 | 1 | |a Newbold, Paul. | |
| 852 | |a INST |b CHIOS |e 19961118 |h 519.5 NEW |p 005200010962 |q 005200010962 |t BK |y 0 | ||
| 909 | |a Χ |b 013346 | ||